1522 1066 1286 1885 1080 1379 1252 1695 1953 1956 1495 1065 1092 1120 1664 1890 1972 1371 1161 1111 1992 1946 1181 1801 1206 1390 1280 1631 1393 1095 1225 1242 1942 1453 1870 1346 1055 1103 1933 1371 1661 1841 1216 1312 1221 1666 1393 1642 1521 1438 1660 1251 1076 1952 1259 1147 1083 1860 1458 1908 1580 1126 1481 1308 1864 1393 1531 1239 1999 1616 1513 1177 1751 1896 1208 1889 1377 1762 1784 1862 1817 1171 1900 1955 1601 1156 1333 1711 1370 1292 1410 1367 1196 1646 1198 1628 1762 1362 1208 BCNSPRNW ULIB Ver.6.0+V

เปลี่ยนเป็นภาษาไทย

Change to English
 แสดงรายละเอียดบรรณานุกรม
  กลับหน้าหลัก

Brief Record : Get Marc (ISO 2709) : E-mail record : QR code < ปิดหน้าต่าง
LEADER : 00000nam 2200000uu 4500
001    13399122972
003     ULIB
008    131118s2556||||th 000 0 tha d
020    ^a978160608263
090    ^aนว.^bถ315ป
100 0  ^aถังอิน
245 00 ^aแรกพบจรดใจรัก/^cผู้เขียน ถังอิน แปลโดย Honey Toast
250    ^aพิมพ์ครั้งที่ 2
260    ^aกรุงเทพฯ:^bแจ่มใส, 2556
300    ^a234 หน้า
945    ^p159^l0^i034165
999    ^aเกษร โพธิ์สุวรรณ
รายการนี้ยังไม่มีแท็ก
คุณยังไม่ได้ล็อกอิน คุณสามารถมีกิจกรรมร่วมกับเว็บไซต์ได้ แต่ต้องล็อกอินก่อน ::
  ล็อกอิน

รายการสื่อสารสนเทศ

ลำดับที่ ประเภท เลขเรียก/บาร์โค้ด สถานที่ สถานะ
1. นวนิยาย
นวนิยาย
นว. ถ315ป  
  Barcode: 034165
ห้องสมุดวิทยาเขตสวรรค์ประชารักษ์
►นวนิยาย
บนชั้น
  ขอยืม
Note:อ.จุฑารัตน์ สว่างชัย บริจาค

BibComment


ยังไม่เคยถูกคอมเมนท์

คอมเมนท์ทรัพยากรรายการนี้
  คอมเมนท์: แรกพบจรดใจรัก ผู..


 Copyright 2026. Bcnsprnw @Library